| 000 | 02517nam a22002897a 4500 | ||
|---|---|---|---|
| 005 | 20120409124910.0 | ||
| 010 | _aB-459600-604 | ||
| 020 |
_a9788191051018 _c30.00 |
||
| 035 | _aB-459600-604 | ||
| 037 | _bके. के. पब्लिकेशंस | ||
| 082 | _aक | ||
| 100 |
_aटैगोर, रवीन्द्रनाथ _944879 |
||
| 245 |
_aअन्तिम शिक्षा / _cरवीन्द्रनाथ टैगोर; नीतू झारी द्वारा संपादित एवं अनुदित |
||
| 260 |
_aनई दिल्ली _bनेशनल बुक ट्रेजरी _c2012 |
||
| 270 |
_a6/36, प्रथम तल, विक्रम विहार, लाजपत नगर-iv _bनई दिल्ली _e110024 |
||
| 300 |
_a16पृ. _bसचित्र _c20सेमी (अजिल्द) |
||
| 500 | _aनोबेल पुरस्कार विजेता | ||
| 700 |
_aझारी, नीतू _944138 |
||
| 942 |
_2ddc _cCH _hक _mटैगोर |
||
| 999 |
_c64278 _d64278 |
||